01437nam a2200241Ia 4500001000600000003000900006008004100015040001300056040001300069041001300082100001800095100002900113245012600142245003900268250001100307260000900318260001200327260004900339300005900388500069200447650002501139650003101164H3104IT-RoPAU130308s9999 xx 000 0 und d aIT-RoPAU cIT-RoPAU aITALIANO aBreton Roland gCodice Aut. SPICS: 57209 aDinamiche delle comunità etnolinguistiche come fattore centrale nella politica e nella pianificazione linguistica (Le) bIntroduzione Alla Sociolinguistica a1a ed. aROMA bCarocci c2003 [1° Ed.:2003 - Ed.Ling.Originale:1996] a"19 p. (prefazione: no ; testo: 19 [pagine: 209-227])" aLe Lingue Non Sono soltanto mezzi di Comunicazione: Ogni Lingua è L'Espressione e Il Sostegno di una specifica Cultura. Pianificazione Linguistica Come Strumento Politico. Multilinguismo. Politica Linguistica Come Purificazione Culturale. vecchio Modello Pluralistico Imperiale. Principio Svizzero della Territorialità Linguistica. strada Graduale Verso una Pluralità su Piu' Livelli. Modello complesso Multilingue Indiano. Modello Multinazionalemarxista Leninista. invenzione della Lingua Come Strumento di Integrazione. Esportazione del Modello di Stato Multinazionale. Stato Unitario multinazionale Cinese. Politica Linguistica Come preservazione della Biodiversità Culturale. aSAGGI DI LINGUISTICA eCodice materia Spics: 3207